000 02556nam a22005657a 4500
003 CHAP
005 20220329141754.0
008 971013s r 00010 d
010 _a73578
011 _a74550
035 _a84109
040 _cCHAP
082 _a636.0842
_bG3
100 0 0 _aGardner, Andrew L.
_946845
245 _aPastoreo de parcelas pequeñas
260 _a(s.l. :
_bs.e.),
_c(s.a.)
300 _app. 20-38
500 _aTomado de: Gardner, A. L. Estudios sobre métodos agronómicos para la evaluación de pasturas. Montevideo, IICA. Zona Templada, 1967. pp 49-54
501 _aEnc. con : Gardner, A.L. Evolución de pastoreo
590 _aBATCH-UPD
_b10
_c20130110
_lUCH01
_h0431
590 _aCONVERSION
_b10
_c20130109
_lUCH01
_h1340
650 1 4 _aPastoreo.
_985984
790 _aEvolución bajo pastoreo
901 _aBK
942 _cLIBRO
949 _a636.0842 G3
_bBC
_cBPA
_d-154414
_eBPA
_fc.6
_i84109
_si
949 _a636.0842 G3
_bBC
_cBPA
_d-154415
_eBPA
_fc.7
_i84109
_si
949 _a636.0842 G3
_bBC
_cBPA
_d-154416
_eBPA
_fc.8
_i84109
_si
949 _a636.0842 G3
_bBC
_cBPA
_d-154417
_eBPA
_fc.10
_i84109
_si
949 _a636.0842 G3
_bBC
_cBPA
_d-154418
_eBPA
_fc.11
_i84109
_si
949 _a636.0842 G3
_bBC
_cBPA
_d-154419
_eBPA
_fc.12
_i84109
_si
949 _a636.0842 G3
_bBC
_cBPA
_d-154420
_eBPA
_fc.13
_i84109
_si
949 _a636.0842 G3
_bBC
_cBPA
_d-154421
_eBPA
_fc.14
_i84109
_si
949 _a636.0842 G3
_bBC
_cBPA
_d-154422
_eBPA
_fc.15
_i84109
_si
949 _a636.0842 G3
_bBC
_cBPA
_d-154423
_eBPA
_fc.16
_i84109
_si
949 _a636.0842 G3
_bBC
_cBPA
_d-154424
_eBPA
_fc.17
_i84109
_si
949 _a636.0842 G3
_bBC
_cBPA
_d-154425
_eBPA
_fc.18
_i84109
_si
949 _a636.0842 G3
_bBC
_cBPA
_d-154426
_eBPA
_fc.20
_i84109
_si
949 _a636.0842 G3
_bBC
_cBPA
_d-154427
_eBPA
_fc.21
_i84109
_si
949 _a636.0842 G3
_bBC
_cBPA
_d-154428
_eBPA
_fc.22
_i84109
_si
949 _a636.0842 G3
_bBC
_cBPA
_d-154429
_eBPA
_fc.23
_i84109
_si
949 _a636.0842 G3
_bBC
_cBPA
_d-154430
_eBPA
_fc.24
_i84109
_si
949 _a636.0842 G3
_bBC
_cBPA
_d-154431
_eBPA
_fc.25
_i84109
_si
949 _a636.0842 G3
_bBC
_cBPA
_d-154432
_eBPA
_fc.19
_i84109
_si
949 _a636.0842 G3
_bBC
_cLIBRO
_d33724000273561
_eLIBRO
_fc.4
_h90545
_i84109
_si
949 _a636.0842 G3
_bBC
_cLIBRO
_d33724000273579
_eLIBRO
_fc.2
_h90543
_i84109
_si
949 _a636.0842 G3
_bBC
_cLIBRO
_d33724000273587
_eLIBRO
_fc.3
_h90544
_i84109
_si
949 _a636.0842 G3
_bBC
_cLIBRO
_d33724000273595
_eLIBRO
_h90542
_i84109
_si
949 _a636.0842 G3
_bBC
_cLIBRO
_d33724000767349
_eLIBRO
_fc.5
_h90546
_i84109
_sb
999 _c73578
_d73578